Statistiques concernant Les mots les plus utilisés de la langue française

Cliquez ici pour prendre le quiz!

Statistiques générales

  • Ce quiz a été pris 9,898 fois
  • Le résultat moyen est 49 sur 100

Statistiques - réponses

Hint Answer % Correct
6à
97%
7il
94%
1le
93%
23vous
93%
10je
93%
33nous
93%
5et
92%
45tu
91%
61
90%
2de
90%
43ou
89%
29me
87%
19elle
85%
76ça
81%
13se
81%
4être
80%
53te
80%
15ce
79%
24par
77%
8avoir
75%
21pour
75%
35mais
75%
17en
72%
3un
71%
12que
71%
31mon
69%
11son
67%
20au
65%
84ton
64%
14qui
64%
51moi
62%
30on
61%
40aller
60%
48si
58%
98non
58%
9ne
57%
41voir
57%
26faire
57%
22pas
56%
18du
55%
46leur
53%
16dans
53%
37avec
51%
34comme
51%
25sur
51%
27plus
48%
56quand
47%
72mer
46%
36pouvoir
45%
59notre
45%
65votre
45%
32lui
43%
79sous
43%
44sans
43%
28dire
43%
87savoir
40%
49deux
39%
42bien
38%
62jour
38%
97aimer
38%
52vouloir
37%
39y
37%
38tout
36%
77peu
35%
63prendre
34%
80parler
33%
57grand
33%
67petit
33%
55venir
32%
54femme
30%
95jamais
29%
96cela
28%
47homme
28%
71dont
27%
60devoir
27%
93toujours
26%
81alors
25%
74donner
24%
99heure
24%
82main
24%
94puis
23%
85mettre
23%
100croire
23%
66rien
22%
86vie
22%
75temps
21%
91après
20%
64même
20%
92regarder
20%
58celui
19%
78falloir
18%
73trouver
18%
70quelque
16%
69aussi
14%
68encore
14%
50mari
14%
83chose
14%
90autre
13%
88yeux
12%
89passer
11%

Distribution des résultats

Percentile par nombre de réponses

% des personnes avec chaque résultat

Votre développement - résultats

Vous n’avez pas pris ce quiz